| 000 | 01996nam a22002297a 4500 | ||
|---|---|---|---|
| 001 | 216222711 | ||
| 003 | UA-OsUOA | ||
| 005 | 20220823121404.0 | ||
| 008 | 220823b un ||||f |||| 00| 0 ukr d | ||
| 040 |
_aUA-OsUOA _bukr _cUA-OsUOA _dUA-OsUOA |
||
| 041 | _aukr | ||
| 080 | _a82 | ||
| 090 |
_a82 _bС32 |
||
| 100 | _aСергійчук С. О. | ||
| 245 |
_aГенезис жанру хоррор (на прикладі Стівена Кінга та Говарда Лавкрафта) _cСергійчук С. О. |
||
| 260 |
_aОстрог _bКАФ _c2017 |
||
| 300 | _a55 c. | ||
| 520 | _aВступ. Розділ І. Теоретичні основи жанру хоррор. 1.1. Зародження жанру хоррор 1.2. Життєвий шлях Говарда Лавкрафта 1.3. життєвий шлях Стівена Кінга Розділ ІІ. Дослідження творчості Говарда Лавкрафта та Стівена Кінга на основі прочитаних творів авторів. 2.1. Вплив зовнішніх та внутрішніх факторів на творчість Кінга 2.2. Техніка письма та виражальні засоби у творах Стівена Кінга 2.3. Особливості творчості Говарда Лавкрафта 2.4. Говард Лавкрафт: індустрія страху Розділ ІІІ. Жанр хоррор сьогодні. Прогнози його розвитку. 3.1. Феномен творчості Говарда Лавкрафта та Стівена Кінга сьогодні 3.2. Перспективи розвитку жанру хоррор у англомовній літератури Висновки. Список використаної літератури. | ||
| 650 |
_a82 Художня література. Літературознавство _2UDC |
||
| 942 |
_cBK _2udc |
||
| 955 | _a1 | ||
| 999 |
_c285969 _d285969 |
||